[Event "8th Vellmar Chess Days"]
[Site "chess24.com"]
[Date "2016.07.30"]
[Round "4"]
[White "Schindelmeiser, Frank"]
[Black "Koenig, Friedrich Theodor"]
[Result "0-1"]
[Board "27"]
[WhiteElo "2000"]
[WhiteCountry "GER"]
[WhiteFideId "12976580"]
[WhiteEloChange "-15"]
[BlackElo "1805"]
[BlackCountry "GER"]
[BlackFideId "12956600"]
[BlackEloChange "15"]

1. c4 {[%clk 1:30:58]} e5 {[%clk 1:30:51]} 2. g3 {[%clk 1:31:23]} Nc6 {[%clk
1:31:10]} 3. Bg2 {[%clk 1:31:42]} g6 {[%clk 1:31:36]} 4. Nc3 {[%clk 1:31:58]} Bg7
{[%clk 1:31:52]} 5. d3 {[%clk 1:32:03]} d6 {[%clk 1:31:39]} 6. e4 {[%clk
1:32:05]} f5 {[%clk 1:24:17]} 7. Nge2 {[%clk 1:29:37]} Nge7 {[%clk 1:21:46]} 8.
O-O {[%clk 1:28:23]} O-O {[%clk 1:21:36]} 9. Nd5 {[%clk 1:22:03]} Nxd5 {[%clk
1:09:01]} 10. cxd5 {[%clk 1:22:12]} Nd4 {[%clk 1:07:08]} 11. Nxd4 {[%clk
1:20:23]} exd4 {[%clk 1:07:16]} 12. Qb3 {[%clk 1:16:41]} b6 {[%clk 1:00:17]} 13.
a4 {[%clk 1:10:54]} Bd7 {[%clk 0:52:53]} 14. Qa3 {[%clk 1:07:15]} a6 {[%clk
0:50:32]} 15. b4 {[%clk 1:04:12]} b5 {[%clk 0:46:07]} 16. a5 {[%clk 1:04:04]} Ra7
{[%clk 0:40:21]} 17. Bb2 {[%clk 1:03:39]} f4 {[%clk 0:35:38]} 18. f3 {[%clk
0:37:14]} fxg3 {[%clk 0:24:05]} 19. hxg3 {[%clk 0:37:42]} Qg5 {[%clk 0:24:21]}
20. f4 {[%clk 0:37:27]} Qxg3 {[%clk 0:23:51]} 21. Rf3 {[%clk 0:37:55]} Qh4 {[%clk
0:22:52]} 22. Raf1 {[%clk 0:36:07]} g5 {[%clk 0:17:38]} 23. fxg5 {[%clk 0:31:16]}
Rxf3 {[%clk 0:17:40]} 24. Rxf3 {[%clk 0:30:50]} Bg4 {[%clk 0:17:11]} 25. Rf2
{[%clk 0:27:56]} Qxg5 {[%clk 0:11:27]} 26. Bc1 {[%clk 0:24:36]} Qh4 {[%clk
0:09:32]} 27. Bf4 {[%clk 0:23:33]} Ra8 {[%clk 0:08:35]} 28. Qc1 {[%clk 0:23:30]}
Rf8 {[%clk 0:07:56]} 29. Qxc7 {[%clk 0:17:50]} Be5 {[%clk 0:06:24]} 30. Qc1
{[%clk 0:17:08]} Bh5 {[%clk 0:05:22]} 31. Bg3 {[%clk 0:07:52]} Bxg3 {[%clk
0:04:51]} 32. Rxf8+ {[%clk 0:08:03]} Kxf8 {[%clk 0:05:20]} 33. Qc8+ {[%clk
0:08:05]} Be8 {[%clk 0:03:45]} 34. Qf5+ {[%clk 0:05:54]} Kg7 {[%clk 0:02:54]} 35.
Qe6 {[%clk 0:05:28]} Bf7 {[%clk 0:02:55]} 36. Qc8 {[%clk 0:05:12]} Be5 {[%clk
0:02:27]} 37. Qxa6 {[%clk 0:03:29]} Qe1+ {[%clk 0:02:20]} 38. Bf1 {[%clk
0:03:29]} Qe3+ {[%clk 0:02:18]} 39. Kh1 {[%clk 0:04:14]} Qg3 {[%clk 0:01:45]} 0-1

[Event "8th Vellmar Chess Days"]
[Site "chess24.com"]
[Date "2016.07.30"]
[Round "4"]
[White "Knoth, Eugen"]
[Black "Lesny, Florian"]
[Result "1/2-1/2"]
[Board "28"]
[WhiteElo "1980"]
[WhiteCountry "GER"]
[WhiteFideId "4650395"]
[WhiteEloChange "-4"]
[BlackElo "1853"]
[BlackCountry "GER"]
[BlackFideId "12973874"]
[BlackEloChange "4"]

1. d4 {[%clk 1:30:58]} d5 {[%clk 1:30:54]} 2. Nf3 {[%clk 1:31:23]} Nf6 {[%clk
1:31:17]} 3. Bf4 {[%clk 1:31:47]} Bf5 {[%clk 1:31:39]} 4. e3 {[%clk 1:32:06]} e6
{[%clk 1:31:53]} 5. Bd3 {[%clk 1:32:29]} Bxd3 {[%clk 1:31:46]} 6. Qxd3 {[%clk
1:32:53]} c6 {[%clk 1:31:23]} 7. Nbd2 {[%clk 1:32:15]} Nbd7 {[%clk 1:29:26]} 8.
O-O {[%clk 1:31:10]} Be7 {[%clk 1:29:13]} 9. c4 {[%clk 1:30:31]} O-O {[%clk
1:28:59]} 10. Ne5 {[%clk 1:30:11]} Nxe5 {[%clk 1:25:38]} 11. Bxe5 {[%clk
1:30:27]} Bd6 {[%clk 1:23:50]} 12. Bxd6 {[%clk 1:26:58]} Qxd6 {[%clk 1:24:13]}
13. cxd5 {[%clk 1:27:09]} cxd5 {[%clk 1:23:18]} 1/2-1/2

[Event "8th Vellmar Chess Days"]
[Site "chess24.com"]
[Date "2016.07.30"]
[Round "4"]
[White "Phunhon Lopez, Daniel Alejandro"]
[Black "Pubantz, Jan"]
[Result "1/2-1/2"]
[Board "29"]
[WhiteElo "1958"]
[WhiteCountry "GER"]
[WhiteFideId "12952567"]
[WhiteEloChange "-6"]
[BlackElo "1723"]
[BlackCountry "GER"]
[BlackFideId "12996114"]
[BlackEloChange "6"]

1. Nf3 {[%clk 1:29:19]} d5 {[%clk 1:30:37]} 2. g3 {[%clk 1:29:35]} Nf6 {[%clk
1:30:12]} 3. Bg2 {[%clk 1:29:55]} c6 {[%clk 1:29:51]} 4. d4 {[%clk 1:30:16]} Bf5
{[%clk 1:25:22]} 5. O-O {[%clk 1:30:31]} e6 {[%clk 1:25:29]} 6. b3 {[%clk
1:29:29]} Nbd7 {[%clk 1:23:49]} 7. Bb2 {[%clk 1:25:47]} Be7 {[%clk 1:22:45]} 8.
c4 {[%clk 1:26:04]} O-O {[%clk 1:21:34]} 9. Nbd2 {[%clk 1:23:52]} h6 {[%clk
1:20:46]} 10. Re1 {[%clk 1:22:33]} Rc8 {[%clk 1:12:47]} 11. Ne5 {[%clk 1:15:44]}
Nxe5 {[%clk 0:47:42]} 12. dxe5 {[%clk 1:13:27]} Nd7 {[%clk 0:48:06]} 13. e4
{[%clk 1:13:25]} dxe4 {[%clk 0:47:24]} 14. Bxe4 {[%clk 1:13:34]} Bxe4 {[%clk
0:45:10]} 15. Nxe4 {[%clk 1:13:13]} Qc7 {[%clk 0:44:59]} 16. f4 {[%clk 1:11:08]}
Rcd8 {[%clk 0:43:01]} 17. Qc2 {[%clk 1:10:52]} Nc5 {[%clk 0:41:07]} 18. Nxc5
{[%clk 1:02:28]} Bxc5+ {[%clk 0:41:18]} 19. Kg2 {[%clk 1:02:49]} Bd4 {[%clk
0:34:48]} 20. Rad1 {[%clk 1:00:00]} Bxb2 {[%clk 0:34:40]} 21. Qxb2 {[%clk
1:00:22]} Rd7 {[%clk 0:32:43]} 22. Qa3 {[%clk 0:52:08]} b6 {[%clk 0:21:45]} 23.
Rd6 {[%clk 0:44:43]} Rfd8 {[%clk 0:21:56]} 24. Red1 {[%clk 0:42:32]} c5 {[%clk
0:22:10]} 25. Qa4 {[%clk 0:41:43]} Rxd6 {[%clk 0:22:29]} 26. Rxd6 {[%clk
0:37:27]} Rxd6 {[%clk 0:22:38]} 27. exd6 {[%clk 0:36:19]} Qxd6 {[%clk 0:22:33]}
28. Qxa7 {[%clk 0:36:42]} Qd2+ {[%clk 0:16:21]} 29. Kg1 {[%clk 0:33:33]} Qe1+
{[%clk 0:16:34]} 30. Kg2 {[%clk 0:33:58]} Qe2+ {[%clk 0:16:49]} 1/2-1/2

[Event "8th Vellmar Chess Days"]
[Site "chess24.com"]
[Date "2016.07.30"]
[Round "4"]
[White "Hommer, Jeremy"]
[Black "Wolffgang, Georg"]
[Result "0-1"]
[Board "30"]
[WhiteElo "1813"]
[WhiteCountry "GER"]
[WhiteFideId "12992577"]
[WhiteEloChange "-6"]
[BlackElo "1951"]
[BlackCountry "GER"]
[BlackFideId "12904554"]
[BlackEloChange "6"]

1. g3 {[%clk 1:30:53]} f5 {[%clk 1:30:36]} 2. Bg2 {[%clk 1:30:51]} Nf6 {[%clk
1:31:00]} 3. Nf3 {[%clk 1:30:54]} d6 {[%clk 1:31:12]} 4. O-O {[%clk 1:30:13]} g6
{[%clk 1:31:39]} 5. c4 {[%clk 1:29:29]} Bg7 {[%clk 1:32:02]} 6. Nc3 {[%clk
1:28:25]} O-O {[%clk 1:32:24]} 7. d4 {[%clk 1:21:37]} c6 {[%clk 1:32:45]} 8. Qc2
{[%clk 1:15:28]} Na6 {[%clk 1:33:05]} 9. a3 {[%clk 1:11:21]} Qe8 {[%clk 1:33:28]}
10. b4 {[%clk 1:07:29]} e5 {[%clk 1:28:59]} 11. Bb2 {[%clk 1:05:41]} e4 {[%clk
1:28:29]} 12. Ne1 {[%clk 1:04:01]} Nc7 {[%clk 1:28:45]} 13. Qd2 {[%clk 0:55:05]}
Be6 {[%clk 1:26:24]} 14. Rc1 {[%clk 0:42:51]} Qf7 {[%clk 1:18:14]} 15. Qc2 {[%clk
0:40:58]} Bh6 {[%clk 1:15:24]} 16. e3 {[%clk 0:41:04]} Bxc4 {[%clk 1:15:19]} 17.
Ne2 {[%clk 0:34:59]} d5 {[%clk 1:10:06]} 18. Qd2 {[%clk 0:28:52]} g5 {[%clk
1:09:45]} 19. Nc2 {[%clk 0:27:50]} f4 {[%clk 1:03:47]} 20. exf4 {[%clk 0:21:58]}
gxf4 {[%clk 1:02:54]} 21. gxf4 {[%clk 0:21:23]} Qh5 {[%clk 0:59:26]} 22. Rfe1
{[%clk 0:18:46]} Ng4 {[%clk 0:51:33]} 23. h3 {[%clk 0:17:32]} Nxf2 {[%clk
0:49:58]} 24. Kxf2 {[%clk 0:16:42]} Bxe2 {[%clk 0:49:59]} 25. Qxe2 {[%clk
0:16:49]} Rxf4+ {[%clk 0:49:03]} 26. Kg1 {[%clk 0:16:59]} Qg6 {[%clk 0:46:28]}
27. Kh1 {[%clk 0:13:18]} Qg3 {[%clk 0:44:43]} 28. Rg1 {[%clk 0:09:11]} Rf2 {[%clk
0:40:36]} 29. Bf1 {[%clk 0:08:57]} Qxg1+ {[%clk 0:40:31]} 30. Kxg1 {[%clk
0:09:11]} Rxe2 {[%clk 0:40:58]} 31. Bxe2 {[%clk 0:09:22]} Bxc1 {[%clk 0:41:19]}
32. Bxc1 {[%clk 0:09:50]} Rf8 {[%clk 0:40:51]} 33. Ne3 {[%clk 0:08:28]} Ne6
{[%clk 0:40:58]} 34. Nc2 {[%clk 0:06:40]} Nf4 {[%clk 0:41:04]} 35. Bxf4 {[%clk
0:06:45]} Rxf4 {[%clk 0:41:32]} 36. Ne3 {[%clk 0:06:33]} Kf7 {[%clk 0:40:27]} 37.
Kg2 {[%clk 0:06:51]} Kg6 {[%clk 0:38:37]} 38. Kg3 {[%clk 0:05:12]} Rf8 {[%clk
0:37:34]} 39. Ng4 {[%clk 0:01:37]} Kf5 {[%clk 0:36:19]} 0-1

[Event "8th Vellmar Chess Days"]
[Site "chess24.com"]
[Date "2016.07.30"]
[Round "4"]
[White "Schirra, Maurice"]
[Black "Colbow, Collin"]
[Result "0-1"]
[Board "31"]
[WhiteElo "1947"]
[WhiteCountry "GER"]
[WhiteFideId "12941115"]
[WhiteEloChange "-14"]
[BlackElo "1794"]
[BlackCountry "GER"]
[BlackFideId "16201132"]
[BlackEloChange "14"]

1. e4 {[%clk 1:30:58]} e5 {[%clk 1:30:52]} 2. Nf3 {[%clk 1:31:23]} Nc6 {[%clk
1:31:14]} 3. d4 {[%clk 1:31:46]} exd4 {[%clk 1:31:36]} 4. Nxd4 {[%clk 1:32:09]}
Nf6 {[%clk 1:31:59]} 5. Nc3 {[%clk 1:32:31]} Bb4 {[%clk 1:32:22]} 6. Nxc6 {[%clk
1:32:54]} bxc6 {[%clk 1:32:40]} 7. Bd3 {[%clk 1:33:15]} d5 {[%clk 1:32:59]} 8.
exd5 {[%clk 1:33:36]} cxd5 {[%clk 1:33:22]} 9. O-O {[%clk 1:33:58]} O-O {[%clk
1:33:42]} 10. Bg5 {[%clk 1:34:21]} c6 {[%clk 1:34:04]} 11. Ne2 {[%clk 1:34:43]}
Bd6 {[%clk 1:28:46]} 12. Nd4 {[%clk 1:33:56]} c5 {[%clk 1:20:35]} 13. Nb5 {[%clk
1:30:19]} Be7 {[%clk 1:18:08]} 14. h3 {[%clk 1:17:27]} Be6 {[%clk 1:10:47]} 15.
Bf4 {[%clk 1:13:14]} Ne8 {[%clk 1:04:53]} 16. Qd2 {[%clk 0:53:57]} Nd6 {[%clk
0:57:20]} 17. Nc3 {[%clk 0:49:27]} d4 {[%clk 0:55:55]} 18. Na4 {[%clk 0:44:40]}
c4 {[%clk 0:48:09]} 19. Be2 {[%clk 0:41:12]} Ne4 {[%clk 0:45:46]} 20. Qd1 {[%clk
0:37:24]} Nc5 {[%clk 0:44:00]} 21. Nxc5 {[%clk 0:36:20]} Bxc5 {[%clk 0:44:22]}
22. b3 {[%clk 0:29:48]} Qf6 {[%clk 0:34:10]} 23. Qd2 {[%clk 0:23:02]} d3 {[%clk
0:32:26]} 24. cxd3 {[%clk 0:19:32]} cxd3 {[%clk 0:31:18]} 25. Bf3 {[%clk
0:18:06]} Rad8 {[%clk 0:31:09]} 26. Bg5 {[%clk 0:18:30]} Qg6 {[%clk 0:29:56]} 27.
Bxd8 {[%clk 0:18:32]} Rxd8 {[%clk 0:30:25]} 28. Kh1 {[%clk 0:17:58]} Qf6 {[%clk
0:27:57]} 29. Rfd1 {[%clk 0:11:00]} Bxh3 {[%clk 0:24:14]} 30. Be4 {[%clk
0:07:25]} Qh4 {[%clk 0:21:51]} 31. gxh3 {[%clk 0:05:35]} Qxe4+ {[%clk 0:21:44]}
32. Kh2 {[%clk 0:04:41]} Bd6+ {[%clk 0:20:18]} 33. Kg1 {[%clk 0:05:11]} Qg6+
{[%clk 0:20:35]} 34. Kh1 {[%clk 0:05:15]} Qe4+ {[%clk 0:20:41]} 35. Kg1 {[%clk
0:05:39]} Be5 {[%clk 0:16:03]} 36. Rac1 {[%clk 0:04:59]} Qg6+ {[%clk 0:06:45]}
37. Kh1 {[%clk 0:04:05]} Qe4+ {[%clk 0:06:42]} 38. Kg1 {[%clk 0:04:29]} Qg6+
{[%clk 0:05:31]} 39. Kf1 {[%clk 0:03:56]} h6 {[%clk 0:03:42]} 40. Rc4 {[%clk
0:00:45]} h5 {[%clk 0:02:30]} 41. h4 {[%clk 0:23:20]} f6 {[%clk 0:28:39]} 42. f3
{[%clk 0:13:18]} Qf5 {[%clk 0:24:28]} 43. Qg2 {[%clk 0:10:03]} Bf4 {[%clk
0:22:53]} 44. Re4 {[%clk 0:08:27]} Rd7 {[%clk 0:21:21]} 45. b4 {[%clk 0:05:54]}
Rc7 {[%clk 0:19:43]} 46. a4 {[%clk 0:00:42]} Rc2 {[%clk 0:17:06]} 47. Rxf4 {[%clk
0:00:40]} Qxf4 {[%clk 0:16:19]} 48. Qh3 {[%clk 0:01:03]} Qe3 {[%clk 0:16:10]} 0-1

[Event "8th Vellmar Chess Days"]
[Site "chess24.com"]
[Date "2016.07.30"]
[Round "4"]
[White "Kobs, Stephan"]
[Black "Bajorski, Marius"]
[Result "1/2-1/2"]
[Board "32"]
[WhiteElo "1933"]
[WhiteCountry "GER"]
[WhiteFideId "4684656"]
[WhiteEloChange "-5"]
[BlackElo "1753"]
[BlackCountry "GER"]
[BlackFideId "12938831"]
[BlackEloChange "5"]

1. e4 {[%clk 1:30:51]} e5 {[%clk 1:30:57]} 2. Nf3 {[%clk 1:30:55]} Nc6 {[%clk
1:31:24]} 3. Bb5 {[%clk 1:31:00]} a6 {[%clk 1:31:51]} 4. Ba4 {[%clk 1:31:04]} Nf6
{[%clk 1:32:13]} 5. d4 {[%clk 1:31:06]} exd4 {[%clk 1:31:54]} 6. O-O {[%clk
1:31:01]} Be7 {[%clk 1:31:53]} 7. Re1 {[%clk 1:30:31]} b5 {[%clk 1:30:15]} 8. e5
{[%clk 1:27:40]} Nxe5 {[%clk 1:29:42]} 9. Rxe5 {[%clk 1:27:03]} d6 {[%clk
1:30:05]} 10. Re1 {[%clk 1:26:36]} bxa4 {[%clk 1:30:29]} 11. Nxd4 {[%clk
1:26:05]} Bd7 {[%clk 1:30:08]} 12. Qf3 {[%clk 1:18:31]} d5 {[%clk 1:24:22]} 13.
Nf5 {[%clk 1:14:07]} Bxf5 {[%clk 1:24:23]} 14. Qxf5 {[%clk 1:14:33]} Qd7 {[%clk
1:24:44]} 15. Qxd7+ {[%clk 1:10:03]} 1/2-1/2

[Event "8th Vellmar Chess Days"]
[Site "chess24.com"]
[Date "2016.07.30"]
[Round "4"]
[White "Koch, Yannick"]
[Black "Mueller, Tobias"]
[Result "1-0"]
[Board "33"]
[WhiteElo "1930"]
[WhiteCountry "GER"]
[WhiteFideId "24661678"]
[WhiteEloChange "4"]
[BlackElo "1672"]
[BlackCountry "GER"]
[BlackFideId "12947334"]
[BlackEloChange "-4"]

1. d4 {[%clk 1:30:46]} Nf6 {[%clk 1:30:19]} 2. c4 {[%clk 1:31:00]} e6 {[%clk
1:30:02]} 3. Nc3 {[%clk 1:30:51]} d5 {[%clk 1:26:33]} 4. cxd5 {[%clk 1:30:58]}
Nxd5 {[%clk 1:26:50]} 5. e4 {[%clk 1:30:57]} Nxc3 {[%clk 1:26:52]} 6. bxc3 {[%clk
1:31:25]} Be7 {[%clk 1:26:47]} 7. Nf3 {[%clk 1:31:05]} c5 {[%clk 1:26:38]} 8. Be2
{[%clk 1:28:35]} O-O {[%clk 1:26:25]} 9. O-O {[%clk 1:28:51]} Nd7 {[%clk
1:25:52]} 10. Bf4 {[%clk 1:22:25]} b6 {[%clk 1:24:03]} 11. Bd3 {[%clk 1:21:25]}
Bb7 {[%clk 1:23:32]} 12. Qe2 {[%clk 1:21:17]} cxd4 {[%clk 1:22:36]} 13. cxd4
{[%clk 1:21:28]} h6 {[%clk 1:21:56]} 14. Rfc1 {[%clk 1:14:25]} Nf6 {[%clk
1:18:58]} 15. h3 {[%clk 1:12:28]} Qd7 {[%clk 1:12:37]} 16. Rc7 {[%clk 1:11:34]}
Qd8 {[%clk 1:07:29]} 17. Rxb7 {[%clk 1:10:27]} g5 {[%clk 1:07:45]} 18. Bh2 {[%clk
1:03:04]} h5 {[%clk 1:06:14]} 19. e5 {[%clk 0:57:59]} Nd5 {[%clk 1:04:06]} 20.
Qe4 {[%clk 0:58:05]} f5 {[%clk 1:03:51]} 21. exf6 {[%clk 0:58:27]} Nxf6 {[%clk
1:04:14]} 22. Qxe6+ {[%clk 0:57:15]} Rf7 {[%clk 1:04:36]} 23. Nxg5 {[%clk
0:56:49]} Qxd4 {[%clk 1:04:02]} 24. Qxf7+ {[%clk 0:56:10]} Kh8 {[%clk 1:04:24]}
25. Re1 {[%clk 0:51:53]} Rg8 {[%clk 1:03:15]} 26. Be5 {[%clk 0:50:34]} Qb4 {[%clk
1:03:14]} 27. Qh7# {[%clk 0:50:16]} 1-0

[Event "8th Vellmar Chess Days"]
[Site "chess24.com"]
[Date "2016.07.30"]
[Round "4"]
[White "Doerge, Sven"]
[Black "Retzlaff, Thomas"]
[Result "1-0"]
[Board "34"]
[WhiteElo "2039"]
[WhiteCountry "GER"]
[WhiteFideId "24657638"]
[WhiteEloChange "5"]
[BlackElo "1869"]
[BlackCountry "GER"]
[BlackFideId "12980633"]
[BlackEloChange "-5"]

1. e4 {[%clk 1:30:57]} Nc6 {[%clk 1:30:49]} 2. d4 {[%clk 1:31:23]} d5 {[%clk
1:31:14]} 3. e5 {[%clk 1:30:57]} Bf5 {[%clk 1:31:39]} 4. c3 {[%clk 1:30:16]} f6
{[%clk 1:31:16]} 5. g4 {[%clk 1:31:05]} Be4 {[%clk 1:31:24]} 6. f3 {[%clk
1:31:12]} Bg6 {[%clk 1:31:50]} 7. Bf4 {[%clk 1:29:12]} e6 {[%clk 1:32:02]} 8. h4
{[%clk 1:28:31]} fxe5 {[%clk 1:30:42]} 9. dxe5 {[%clk 1:25:49]} Be7 {[%clk
1:30:45]} 10. Bg3 {[%clk 1:26:09]} Bc5 {[%clk 1:25:36]} 11. Ne2 {[%clk 1:25:05]}
Nge7 {[%clk 1:14:45]} 12. Nf4 {[%clk 1:18:34]} Bf7 {[%clk 1:14:44]} 13. Nd3
{[%clk 1:18:50]} Bb6 {[%clk 1:14:53]} 14. Nd2 {[%clk 1:17:50]} h5 {[%clk
1:14:00]} 15. Bg2 {[%clk 1:16:14]} Bg6 {[%clk 1:05:43]} 16. Qe2 {[%clk 1:12:27]}
Qd7 {[%clk 1:03:09]} 17. Nb3 {[%clk 1:12:17]} Bxd3 {[%clk 1:00:54]} 18. Qxd3
{[%clk 1:09:06]} O-O-O {[%clk 1:01:16]} 19. O-O-O {[%clk 1:09:16]} Qe8 {[%clk
0:59:23]} 20. Bh3 {[%clk 1:03:28]} Ng6 {[%clk 0:56:21]} 21. f4 {[%clk 1:00:04]}
Kb8 {[%clk 0:55:50]} 22. gxh5 {[%clk 0:58:43]} Rxh5 {[%clk 0:55:43]} 23. Bg4
{[%clk 0:59:05]} Rh6 {[%clk 0:55:05]} 24. h5 {[%clk 0:59:23]} Nf8 {[%clk
0:54:23]} 25. Bh4 {[%clk 0:59:35]} Ne7 {[%clk 0:53:32]} 26. Bg5 {[%clk 0:59:42]}
Rh8 {[%clk 0:53:51]} 27. a4 {[%clk 0:53:38]} c5 {[%clk 0:51:17]} 28. Qc2 {[%clk
0:50:22]} Rc8 {[%clk 0:47:03]} 29. a5 {[%clk 0:44:35]} Bd8 {[%clk 0:46:34]} 30.
c4 {[%clk 0:42:38]} d4 {[%clk 0:39:02]} 31. Bxe7 {[%clk 0:40:08]} Qxe7 {[%clk
0:39:09]} 32. Bf3 {[%clk 0:40:06]} Qf7 {[%clk 0:38:20]} 33. Qe4 {[%clk 0:39:26]}
a6 {[%clk 0:37:20]} 34. Rdg1 {[%clk 0:32:29]} Rc7 {[%clk 0:36:56]} 35. Bg4 {[%clk
0:30:59]} Ka7 {[%clk 0:35:29]} 36. Nxd4 {[%clk 0:24:06]} cxd4 {[%clk 0:35:17]}
37. Qxd4+ {[%clk 0:24:34]} Kb8 {[%clk 0:34:44]} 38. Qxd8+ {[%clk 0:24:58]} Rc8
{[%clk 0:35:11]} 39. Qd6+ {[%clk 0:22:42]} Ka8 {[%clk 0:35:37]} 40. Be2 {[%clk
0:18:25]} Qxf4+ {[%clk 0:34:33]} 41. Kb1 {[%clk 0:18:18]} Rc6 {[%clk 0:29:58]}
42. Rf1 {[%clk 0:09:28]} Qe4+ {[%clk 0:27:52]} 43. Bd3 {[%clk 0:08:31]} Rxd6
{[%clk 0:27:46]} 44. Bxe4 {[%clk 0:08:53]} Rd4 {[%clk 0:28:09]} 45. Bg2 {[%clk
0:07:38]} Rxc4 {[%clk 0:28:34]} 46. Rf7 {[%clk 0:07:36]} Rb4 {[%clk 0:28:57]} 47.
Rhf1 {[%clk 0:07:19]} Rxh5 {[%clk 0:23:37]} 48. Rxf8+ {[%clk 0:06:35]} Ka7 {[%clk
0:23:58]} 49. Rg8 {[%clk 0:06:41]} Rxe5 {[%clk 0:24:04]} 50. Rff8 {[%clk
0:03:29]} Rxa5 {[%clk 0:24:21]} 51. Ra8+ {[%clk 0:03:48]} Kb6 {[%clk 0:24:45]}
52. Rxg7 {[%clk 0:04:14]} Kc5 {[%clk 0:23:07]} 53. Rc8+ {[%clk 0:02:10]} Kd6
{[%clk 0:21:59]} 54. Rd8+ {[%clk 0:02:23]} Kc5 {[%clk 0:21:30]} 55. Rc7+ {[%clk
0:02:39]} Kb5 {[%clk 0:20:20]} 56. Rxb7+ {[%clk 0:29:33]} Ka4 {[%clk 0:50:52]}
57. Rdb8 {[%clk 0:29:00]} Rxb7 {[%clk 0:49:47]} 58. Rxb7 {[%clk 0:29:28]} Re5
{[%clk 0:49:58]} 59. Bc6+ {[%clk 0:29:46]} 1-0

[Event "8th Vellmar Chess Days"]
[Site "chess24.com"]
[Date "2016.07.30"]
[Round "4"]
[White "Schnegelsberg, Karl-Heinz"]
[Black "Evering, Soeren"]
[Result "1-0"]
[Board "35"]
[WhiteElo "1990"]
[WhiteCountry "GER"]
[WhiteFideId "4653335"]
[WhiteEloChange "6"]
[BlackElo "1862"]
[BlackCountry "GER"]
[BlackFideId "12974650"]
[BlackEloChange "-6"]

1. Nf3 {[%clk 1:30:58]} d5 {[%clk 1:30:41]} 2. d3 {[%clk 1:30:22]} Nf6 {[%clk
1:30:16]} 3. g3 {[%clk 1:30:40]} c6 {[%clk 1:29:45]} 4. Bg2 {[%clk 1:30:58]} Bg4
{[%clk 1:29:00]} 5. Nbd2 {[%clk 1:29:32]} Nbd7 {[%clk 1:28:59]} 6. O-O {[%clk
1:29:27]} e5 {[%clk 1:28:40]} 7. h3 {[%clk 1:29:25]} Bh5 {[%clk 1:28:09]} 8. e4
{[%clk 1:26:30]} Bd6 {[%clk 1:28:20]} 9. b3 {[%clk 1:25:26]} O-O {[%clk 1:25:06]}
10. Bb2 {[%clk 1:25:41]} Re8 {[%clk 1:21:26]} 11. Qe2 {[%clk 1:23:36]} Rc8 {[%clk
1:14:37]} 12. Rae1 {[%clk 1:08:55]} h6 {[%clk 1:04:53]} 13. Qd1 {[%clk 1:08:18]}
Qc7 {[%clk 0:53:40]} 14. Qa1 {[%clk 1:07:28]} d4 {[%clk 0:50:35]} 15. Nh4 {[%clk
1:02:57]} c5 {[%clk 0:47:34]} 16. Nc4 {[%clk 0:59:23]} Bg6 {[%clk 0:45:04]} 17.
Nxg6 {[%clk 0:58:54]} fxg6 {[%clk 0:45:28]} 18. Qd1 {[%clk 0:57:14]} b5 {[%clk
0:43:56]} 19. Nxd6 {[%clk 0:55:04]} Qxd6 {[%clk 0:42:48]} 20. Bc1 {[%clk
0:53:57]} Qa6 {[%clk 0:39:01]} 21. a3 {[%clk 0:52:41]} c4 {[%clk 0:37:30]} 22.
dxc4 {[%clk 0:44:06]} bxc4 {[%clk 0:37:21]} 23. b4 {[%clk 0:39:48]} Qb6 {[%clk
0:31:45]} 24. Kh2 {[%clk 0:37:53]} Rcd8 {[%clk 0:29:38]} 25. f4 {[%clk 0:35:41]}
a6 {[%clk 0:14:37]} 26. Qd2 {[%clk 0:29:28]} Rf8 {[%clk 0:12:15]} 27. Rd1 {[%clk
0:28:51]} Qc7 {[%clk 0:10:00]} 28. Qe2 {[%clk 0:27:28]} Qc6 {[%clk 0:06:12]} 29.
Rf2 {[%clk 0:22:02]} Qb5 {[%clk 0:04:40]} 30. fxe5 {[%clk 0:18:37]} Nxe5 {[%clk
0:04:33]} 31. Bf4 {[%clk 0:17:20]} d3 {[%clk 0:04:03]} 32. Qf1 {[%clk 0:16:09]}
Neg4+ {[%clk 0:02:25]} 33. hxg4 {[%clk 0:15:32]} Nxg4+ {[%clk 0:02:58]} 34. Kg1
{[%clk 0:15:24]} Nxf2 {[%clk 0:01:37]} 35. Qxf2 {[%clk 0:14:53]} g5 {[%clk
0:02:06]} 36. cxd3 {[%clk 0:13:54]} gxf4 {[%clk 0:02:20]} 37. d4 {[%clk 0:11:56]}
fxg3 {[%clk 0:01:39]} 38. Qxg3 {[%clk 0:12:11]} Qb6 {[%clk 0:00:57]} 39. Qe5
{[%clk 0:08:09]} c3 {[%clk 0:30:58]} 1-0

[Event "8th Vellmar Chess Days"]
[Site "chess24.com"]
[Date "2016.07.30"]
[Round "4"]
[White "Reitz, Theresa"]
[Black "Modric, Vladimir"]
[Result "0-1"]
[Board "36"]
[WhiteElo "1824"]
[WhiteCountry "GER"]
[WhiteFideId "12971901"]
[WhiteEloChange "-6"]
[BlackElo "1986"]
[BlackCountry "GER"]
[BlackFideId "24628654"]
[BlackEloChange "6"]

1. e4 {[%clk 1:30:54]} Nf6 {[%clk 1:30:52]} 2. Nc3 {[%clk 1:30:59]} Nc6 {[%clk
1:30:59]} 3. Nf3 {[%clk 1:31:05]} d6 {[%clk 1:31:19]} 4. d4 {[%clk 1:30:32]} g6
{[%clk 1:31:37]} 5. h3 {[%clk 1:28:21]} Bg7 {[%clk 1:31:57]} 6. Be3 {[%clk
1:28:44]} O-O {[%clk 1:31:42]} 7. Qd2 {[%clk 1:28:04]} e5 {[%clk 1:31:35]} 8. d5
{[%clk 1:18:34]} Nb8 {[%clk 1:30:55]} 9. Bh6 {[%clk 1:14:33]} Nbd7 {[%clk
1:28:34]} 10. Ng1 {[%clk 1:08:21]} Nc5 {[%clk 1:25:27]} 11. Bxg7 {[%clk 1:07:33]}
Kxg7 {[%clk 1:25:53]} 12. f3 {[%clk 0:59:02]} Bd7 {[%clk 1:22:20]} 13. O-O-O
{[%clk 0:54:46]} a6 {[%clk 1:13:00]} 14. h4 {[%clk 0:49:04]} h5 {[%clk 1:10:41]}
15. Be2 {[%clk 0:44:54]} b5 {[%clk 1:05:03]} 16. g4 {[%clk 0:33:51]} b4 {[%clk
1:01:09]} 17. Nb1 {[%clk 0:31:52]} a5 {[%clk 1:00:47]} 18. gxh5 {[%clk 0:27:21]}
Nxh5 {[%clk 0:59:25]} 19. Rf1 {[%clk 0:18:25]} a4 {[%clk 0:55:54]} 20. Nh3 {[%clk
0:12:51]} b3 {[%clk 0:53:16]} 21. a3 {[%clk 0:13:04]} bxc2 {[%clk 0:53:06]} 22.
Qxc2 {[%clk 0:12:33]} Nb3+ {[%clk 0:52:39]} 23. Kd1 {[%clk 0:12:53]} Ng3 {[%clk
0:49:46]} 24. h5 {[%clk 0:07:15]} Nxh1 {[%clk 0:39:19]} 25. Rxh1 {[%clk 0:07:06]}
Bxh3 {[%clk 0:39:25]} 26. Rxh3 {[%clk 0:07:22]} Qg5 {[%clk 0:37:49]} 27. Rh1
{[%clk 0:04:55]} Rh8 {[%clk 0:33:55]} 28. Nc3 {[%clk 0:03:18]} Qg2 {[%clk
0:32:56]} 29. Re1 {[%clk 0:02:37]} Rxh5 {[%clk 0:32:59]} 30. Nb5 {[%clk 0:02:03]}
Rh1 {[%clk 0:32:16]} 31. Bf1 {[%clk 0:01:58]} Qxf3+ {[%clk 0:32:09]} 32. Qe2
{[%clk 0:02:05]} Qf4 {[%clk 0:30:06]} 33. Kc2 {[%clk 0:01:23]} Rb8 {[%clk
0:27:36]} 34. Nc3 {[%clk 0:00:55]} Nd4+ {[%clk 0:27:56]} 0-1